<?xml version="1.0" encoding="UTF-8"?><?xml-stylesheet type="text/xsl" href="static/style.xsl"?><OAI-PMH xmlns="http://www.openarchives.org/OAI/2.0/" xmlns:xsi="http://www.w3.org/2001/XMLSchema-instance" xsi:schemaLocation="http://www.openarchives.org/OAI/2.0/ http://www.openarchives.org/OAI/2.0/OAI-PMH.xsd"><responseDate>2026-04-28T19:25:54Z</responseDate><request verb="GetRecord" identifier="oai:uvadoc.uva.es:10324/31407" metadataPrefix="marc">https://uvadoc.uva.es/oai/request</request><GetRecord><record><header><identifier>oai:uvadoc.uva.es:10324/31407</identifier><datestamp>2021-07-06T08:34:16Z</datestamp><setSpec>com_10324_1191</setSpec><setSpec>com_10324_931</setSpec><setSpec>com_10324_894</setSpec><setSpec>col_10324_1381</setSpec></header><metadata><record xmlns="http://www.loc.gov/MARC21/slim" xmlns:doc="http://www.lyncode.com/xoai" xmlns:xsi="http://www.w3.org/2001/XMLSchema-instance" xmlns:dcterms="http://purl.org/dc/terms/" xsi:schemaLocation="http://www.loc.gov/MARC21/slim http://www.loc.gov/standards/marcxml/schema/MARC21slim.xsd">
<leader>00925njm 22002777a 4500</leader>
<datafield tag="042" ind1=" " ind2=" ">
<subfield code="a">dc</subfield>
</datafield>
<datafield tag="720" ind1=" " ind2=" ">
<subfield code="a">Er, Erkan</subfield>
<subfield code="e">author</subfield>
</datafield>
<datafield tag="720" ind1=" " ind2=" ">
<subfield code="a">Gómez Sánchez, Eduardo</subfield>
<subfield code="e">author</subfield>
</datafield>
<datafield tag="720" ind1=" " ind2=" ">
<subfield code="a">Bote Lorenzo, Miguel Luis</subfield>
<subfield code="e">author</subfield>
</datafield>
<datafield tag="720" ind1=" " ind2=" ">
<subfield code="a">Asensio Pérez, Juan Ignacio</subfield>
<subfield code="e">author</subfield>
</datafield>
<datafield tag="720" ind1=" " ind2=" ">
<subfield code="a">Dimitriadis Damoulis, Ioannis</subfield>
<subfield code="e">author</subfield>
</datafield>
<datafield tag="260" ind1=" " ind2=" ">
<subfield code="c">2018</subfield>
</datafield>
<datafield tag="520" ind1=" " ind2=" ">
<subfield code="a">Although the massive and open nature of&#xd;
MOOCs necessitates more technology support for instructors,&#xd;
existing prediction research has been barely capable of offering&#xd;
real-world solutions. One critical case where MOOC&#xd;
instructors could benefit from real-time technological support&#xd;
is the design of collaborative activities, in particular group&#xd;
formation. In this regard, this research work investigated the&#xd;
use of in-situ learning technique to produce useful and&#xd;
actionable information that could assist instructors in group&#xd;
formation while the course continues. Focusing on a particular&#xd;
MOOC context, a predictive model was created to compute the&#xd;
probability that students would participate in group&#xd;
discussions or not. Using these probability scores, actual group&#xd;
behavior was also predicted for three cases: at least 2, 3 or 4&#xd;
different students would post in group discussions. According&#xd;
to the results, the model was able to accurately predict&#xd;
individual student behavior as well as group behavior before&#xd;
the actual collaborative activity had taken place, suggesting its&#xd;
potential for real-time use. Future research involves the&#xd;
exploration of other approaches for creating actionable&#xd;
predictions and the application of the predictions in practice in&#xd;
an ongoing MOOC.</subfield>
</datafield>
<datafield tag="024" ind2=" " ind1="8">
<subfield code="a">http://uvadoc.uva.es/handle/10324/31407</subfield>
</datafield>
<datafield tag="245" ind1="0" ind2="0">
<subfield code="a">Supporting Group Formation in Ongoing MOOCs using Actionable Predictive Models</subfield>
</datafield>
</record></metadata></record></GetRecord></OAI-PMH>